000
00449nam a2200157Ia 4500
008
100204s9999 xx 000 0 und d
082
_b
28233
100
_a
डहाळे संजय
245
_a
पिटातल्या शिट्या
250
_a
0
260
_c
2008
300
_a
176
630
_a
पिटातल्या शिट्या
730
_a
पिटातल्या शिट्या
942
_c
BOOK
999
_c
473402
_d
473399